[Event "Blackpool op 46th"]
[Site "Blackpool"]
[Date "2023.02.11"]
[Round "2"]
[White "Hamer, Martyn"]
[Black "Jaunooby, Ali Reza"]
[Result "0-1"]
[WhiteElo "2043"]
[BlackElo "2137"]
[PlyCount "58"]
[EventDate "2023.02.10"]
[EventType "swiss"]
[EventRounds "5"]
[EventCountry "ENG"]
[SourceTitle "EXT 2024"]
[Source "ChessBase"]
[SourceDate "2023.10.10"]
[SourceVersion "1"]
[SourceVersionDate "2023.10.10"]
[SourceQuality "1"]

1. d4 c5 2. dxc5 e6 3. Nc3 Nf6 4. e4 Nc6 5. Bg5 Bxc5 6. Qd2 Qb6 7. Bxf6 gxf6 8. Na4 Bxf2+ 9. Qxf2 Qb4+ 10. c3 Qxe4+ 11. Be2 Qxa4 12. Qxf6 Rg8 13. Nf3 Rxg2 14. Qh8+ Ke7 15. Qxh7 d5 16. Kf1 Rg6 17. Rg1 Rxg1+ 18. Kxg1 Qe4 19. Qxe4 dxe4 20. Nd2 f5 21. Kf2 Bd7 22. Rg1 Kf6 23. h4 Rh8 24. Rh1 Ne7 25. Ke3 Nd5+ 26. Kd4 Nf4 27. Bf1 e5+ 28. Kc5 e3 29. Nf3 Bc6 0-1

[Event "Gibraltar Masters 18th"]
[Site "Caleta"]
[Date "2020.01.27"]
[Round "7"]
[White "Teh, Wee Zhun"]
[Black "Hamer, Martyn"]
[Result "1/2-1/2"]
[WhiteElo "1857"]
[BlackElo "2069"]
[PlyCount "77"]
[EventDate "2020.01.21"]
[EventType "swiss"]
[EventRounds "10"]
[EventCountry "GGB"]
[SourceTitle "CBM 194 Extra"]
[Source "ChessBase"]
[SourceDate "2020.03.31"]
[SourceVersion "1"]
[SourceVersionDate "2020.03.31"]
[SourceQuality "1"]

1. d4 Nf6 2. c4 g6 3. Nc3 Bg7 4. e4 d6 5. Be2 0-0 6. Be3 e5 7. d5 a5 8. g4 Na6 9. h4 Nc5 10. f3 h5 11. g5 Nfd7 12. Qd2 Nb6 13. b3 Qe7 14. Nh3 Bxh3 15. Rxh3 c6 16. Rb1 Kh7 17. Kf2 cxd5 18. cxd5 Nbd7 19. Kg2 Rfc8 20. Rhh1 Nb8 21. a3 Nba6 22. b4 axb4 23. axb4 Nd7 24. Nb5 Nc7 25. Na7 Rf8 26. Rhc1 Ne8 27. Nc6 bxc6 28. dxc6 Nc7 29. cxd7 Qxd7 30. b5 Ne6 31. b6 Nf4+ 32. Bxf4 exf4 33. b7 Rab8 34. Qd5 f6 35. Rc2 fxg5 36. hxg5 Qe7 37. Rc8 Rbxc8 38. bxc8Q Rxc8 39. Rb7 1/2-1/2

[Event "Gibraltar Masters 18th"]
[Site "Caleta"]
[Date "2020.01.23"]
[Round "3"]
[White "Antova, Gabriela"]
[Black "Hamer, Martyn"]
[Result "0-1"]
[WhiteElo "2295"]
[BlackElo "2069"]
[PlyCount "70"]
[EventDate "2020.01.21"]
[EventType "swiss"]
[EventRounds "10"]
[EventCountry "GGB"]
[SourceTitle "CBM 194 Extra"]
[Source "ChessBase"]
[SourceDate "2020.03.31"]
[SourceVersion "1"]
[SourceVersionDate "2020.03.31"]
[SourceQuality "1"]

1. e4 e6 2. d4 d5 3. Nd2 Nf6 4. e5 Nfd7 5. f4 c5 6. c3 Nc6 7. Ndf3 Qb6 8. a3 f6 9. b4 cxd4 10. cxd4 a6 11. Bd3 Be7 12. Ne2 fxe5 13. fxe5 0-0 14. h4 Rxf3 15. gxf3 Ndxe5 16. dxe5 Nxe5 17. Qc2 Bd7 18. Bb2 Nxf3+ 19. Kd1 e5 20. Qb3 Kh8 21. Bc2 Bg4 22. Rh3 Nd4 23. Qe3 Bxe2+ 24. Kd2 Bg4 25. Rg3 h5 26. Rh1 Qd6 27. Bxd4 exd4 28. Qd3 Qh6+ 29. Ke1 Bd6 30. Rxg4 hxg4 31. Kf2 Rc8 32. Kg2 Rc3 33. Qe2 Rg3+ 34. Kf2 Qf4+ 35. Ke1 Re3 0-1

[Event "Gibraltar Masters 18th"]
[Site "Caleta"]
[Date "2020.01.22"]
[Round "2"]
[White "Hamer, Martyn"]
[Black "Divya, Deshmukh"]
[Result "1/2-1/2"]
[WhiteElo "2069"]
[BlackElo "2322"]
[PlyCount "77"]
[EventDate "2020.01.21"]
[EventType "swiss"]
[EventRounds "10"]
[EventCountry "GGB"]
[SourceTitle "CBM 194 Extra"]
[Source "ChessBase"]
[SourceDate "2020.03.31"]
[SourceVersion "1"]
[SourceVersionDate "2020.03.31"]
[SourceQuality "1"]

1. d4 Nf6 2. Nc3 d5 3. Bf4 Bf5 4. f3 h5 5. e3 e6 6. Bd3 Bd6 7. Nge2 h4 8. Bxd6 cxd6 9. Bxf5 exf5 10. Qd3 g6 11. Nf4 Nc6 12. Qb5 0-0 13. Nfxd5 Nxd5 14. Nxd5 a6 15. Qb6 Qg5 16. 0-0 Rab8 17. f4 Qd8 18. Qxd8 Rbxd8 19. c4 Kg7 20. b4 Rfe8 21. Kf2 Ne7 22. Nxe7 Rxe7 23. a4 a5 24. bxa5 Rc8 25. Rfc1 Rec7 26. Rab1 Rxc4 27. Rxc4 Rxc4 28. Rxb7 Rxa4 29. Ra7 Ra2+ 30. Kf3 h3 31. gxh3 Rxh2 32. a6 Ra2 33. Ra8 d5 34. a7 Kf6 35. Rd8 Rxa7 36. Rxd5 Ra2 37. Rb5 Rh2 38. Kg3 Re2 39. Kf3 1/2-1/2

[Event "BCF-chT2b 1920 (4NCL)"]
[Site "Daventry"]
[Date "2020.01.12"]
[Round "4.85"]
[White "White, Stuart A"]
[Black "Hamer, Martyn"]
[Result "1/2-1/2"]
[WhiteElo "2106"]
[BlackElo "2069"]
[PlyCount "81"]
[EventDate "2020.01.11"]
[EventType "team-tourn"]
[EventRounds "11"]
[EventCountry "ENG"]
[SourceTitle "CBM 194 Extra"]
[Source "ChessBase"]
[SourceDate "2020.03.31"]
[SourceVersion "1"]
[SourceVersionDate "2020.03.31"]
[SourceQuality "1"]
[WhiteTeam "Alba"]
[BlackTeam "Manchester Manticores"]
[WhiteTeamCountry "ENG"]
[BlackTeamCountry "ENG"]

1. d4 Nf6 2. c4 g6 3. Nc3 Bg7 4. e4 d6 5. Nf3 0-0 6. Be2 e5 7. d5 a5 8. Bg5 h6 9. Bh4 Qe8 10. Nd2 Na6 11. 0-0 Bd7 12. b3 Nh7 13. a3 h5 14. f3 Bh6 15. Rb1 Be3+ 16. Kh1 g5 17. Bf2 Bxf2 18. Rxf2 h4 19. b4 axb4 20. axb4 Nf6 21. c5 dxc5 22. Bxa6 Rxa6 23. bxc5 Qe7 24. Nb3 g4 25. Rd2 Rd8 26. d6 cxd6 27. cxd6 Qf8 28. Nc5 Rc6 29. Nd5 Nxd5 30. Rxd5 b6 31. Nxd7 Rxd7 32. Rxe5 Rdxd6 33. Rg5+ Rg6 34. Rxg6+ Rxg6 35. fxg4 Qe7 36. Qf3 Re6 37. Re1 b5 38. Qf4 Re5 39. Qe3 b4 40. h3 Kg7 41. Kg1 1/2-1/2

[Event "BCF-chT2b 1920 (4NCL)"]
[Site "Daventry"]
[Date "2020.01.11"]
[Round "3.85"]
[White "Hamer, Martyn"]
[Black "Punnett, Alan Kenneth"]
[Result "1/2-1/2"]
[WhiteElo "2069"]
[BlackElo "2011"]
[PlyCount "39"]
[EventDate "2020.01.11"]
[EventType "team-tourn"]
[EventRounds "11"]
[EventCountry "ENG"]
[SourceTitle "CBM 194 Extra"]
[Source "ChessBase"]
[SourceDate "2020.03.31"]
[SourceVersion "1"]
[SourceVersionDate "2020.03.31"]
[SourceQuality "1"]
[WhiteTeam "Manchester Manticores"]
[BlackTeam "Guildford III"]
[WhiteTeamCountry "ENG"]
[BlackTeamCountry "ENG"]

1. d4 Nf6 2. Nc3 d5 3. Bf4 e6 4. Nb5 Na6 5. a3 c6 6. Nc3 Bd6 7. Bxd6 Qxd6 8. Nf3 0-0 9. e3 c5 10. Bd3 Nb8 11. dxc5 Qxc5 12. 0-0 Nc6 13. e4 d4 14. Ne2 e5 15. h3 h6 16. c3 dxc3 17. Nxc3 Be6 18. Rc1 Qe7 19. Qe2 Rfd8 20. Rfd1 1/2-1/2

[Event "Gibraltar Masters 17th"]
[Site "Caleta"]
[Date "2019.01.31"]
[Round "10"]
[White "Hamer, Martyn"]
[Black "Martinez Martin, David"]
[Result "0-1"]
[WhiteElo "2046"]
[BlackElo "2416"]
[PlyCount "70"]
[EventDate "2019.01.22"]
[EventType "swiss"]
[EventRounds "10"]
[EventCountry "GGB"]
[SourceTitle "CBM 188 Extra"]
[Source "ChessBase"]
[SourceDate "2019.02.26"]
[SourceVersion "1"]
[SourceVersionDate "2019.02.26"]
[SourceQuality "1"]

1. d4 Nf6 2. c4 g6 3. Nc3 Bg7 4. e4 d6 5. Be2 0-0 6. Be3 a6 7. Qd2 c6 8. f3 e5 9. d5 cxd5 10. cxd5 b5 11. g4 Nbd7 12. Nh3 Nb6 13. b3 Nh5 14. Bf1 Nf4 15. Nxf4 exf4 16. Bd4 Bxd4 17. Qxd4 Nd7 18. h4 Ne5 19. Kf2 Bd7 20. Ne2 Rc8 21. Nxf4 Qf6 22. Kg3 b4 23. g5 Qg7 24. Nd3 f6 25. f4 Nxd3 26. Bxd3 fxg5 27. Qxg7+ Kxg7 28. Bxa6 gxf4+ 29. Kf3 Rc3+ 30. Ke2 f3+ 31. Kd2 f2 32. Bc4 Bh3 33. Bf1 Bg4 34. Rh2 Rf4 35. Rc1 Rg3 0-1

[Event "Gibraltar Challengers op-B"]
[Site "Caleta"]
[Date "2019.01.30"]
[Round "5"]
[White "Saber, Yasser"]
[Black "Hamer, Martyn"]
[Result "0-1"]
[WhiteElo "2201"]
[BlackElo "2046"]
[PlyCount "62"]
[EventDate "2019.01.26"]
[EventType "swiss"]
[EventRounds "5"]
[EventCountry "GGB"]
[SourceTitle "CBM 188 Extra"]
[Source "ChessBase"]
[SourceDate "2019.02.26"]
[SourceVersion "1"]
[SourceVersionDate "2019.02.26"]
[SourceQuality "1"]

1. d4 Nc6 2. Nf3 d5 3. Bf4 Bg4 4. e3 e6 5. Be2 Bd6 6. 0-0 Bxf4 7. exf4 Qf6 8. g3 Bxf3 9. Bxf3 Qxd4 10. Qc1 Nf6 11. c4 Qc5 12. cxd5 Qxc1 13. Rxc1 Nd4 14. Bd1 Nxd5 15. Rc4 Nf5 16. Nc3 Nxc3 17. bxc3 0-0-0 18. Bf3 Rd6 19. a4 a5 20. Re1 Rhd8 21. Kg2 Rd2 22. Bg4 g6 23. Kf1 Rb2 24. Re2 Rd1+ 25. Kg2 Rdd2 26. Rxd2 Rxd2 27. Bxf5 gxf5 28. Kf3 b6 29. Ke3 Rc2 30. Kd3 Rxf2 31. Rd4 c5 0-1

[Event "Gibraltar Masters 17th"]
[Site "Caleta"]
[Date "2019.01.22"]
[Round "1"]
[White "Sadhwani, Raunak"]
[Black "Hamer, Martyn"]
[Result "1-0"]
[WhiteElo "2451"]
[BlackElo "2046"]
[PlyCount "95"]
[EventDate "2019.01.22"]
[EventType "swiss"]
[EventRounds "10"]
[EventCountry "GGB"]
[SourceTitle "CBM 188 Extra"]
[Source "ChessBase"]
[SourceDate "2019.02.26"]
[SourceVersion "1"]
[SourceVersionDate "2019.02.26"]
[SourceQuality "1"]

1. e4 e5 2. Bc4 Nc6 3. Nf3 Nf6 4. d3 Be7 5. 0-0 0-0 6. h3 d6 7. a4 Be6 8. Nbd2 Qd7 9. a5 a6 10. Re1 Nd8 11. c3 Bxc4 12. Nxc4 Ne6 13. Be3 Rae8 14. Qb3 Qc8 15. Rad1 Kh8 16. Qc2 Rg8 17. d4 exd4 18. cxd4 g5 19. d5 Nf4 20. Nd4 N6h5 21. Nf5 Bf6 22. f3 Rg6 23. Rc1 Qd7 24. Nd2 Rc8 25. Qb3 Ng7 26. Nxg7 Bxg7 27. Nc4 Rg8 28. Qc2 Rh6 29. Qd2 Rh4 30. Bd4 h5 31. Bxg7+ Rxg7 32. Rc2 Nxh3+ 33. gxh3 g4 34. Qh6+ Kg8 35. hxg4 Rg6 36. Qf4 hxg4 37. Rg2 Qb5 38. Ne3 Qxb2 39. Nxg4 Qd4+ 40. Qe3 Qh8 41. Kf2 Kf8 42. Rb1 Rh1 43. Rxh1 Qxh1 44. Rh2 Qa1 45. Rh6 Rg8 46. Rh7 Qb2+ 47. Kg3 Qf6 48. Qh6+ 1-0

[Event "BCF-chT2a 1819 (4NCL)"]
[Site "England"]
[Date "2019.01.12"]
[Round "3.35"]
[White "Nicholson, Jim WR"]
[Black "Hamer, Martyn"]
[Result "1-0"]
[WhiteElo "1991"]
[BlackElo "2117"]
[PlyCount "81"]
[EventDate "2018.11.10"]
[EventType "team-tourn"]
[EventRounds "11"]
[EventCountry "ENG"]
[SourceTitle "EXT 2021"]
[Source "ChessBase"]
[SourceDate "2020.10.23"]
[SourceVersion "1"]
[SourceVersionDate "2020.10.23"]
[SourceQuality "1"]
[WhiteTeam "Bradford DCA Knights"]
[BlackTeam "Manchester Manticores"]
[WhiteTeamCountry "ENG"]
[BlackTeamCountry "ENG"]

1. d4 Nf6 2. Nf3 g6 3. Bg5 Bg7 4. Nbd2 0-0 5. c3 d6 6. e4 h6 7. Bh4 c5 8. dxc5 dxc5 9. Bc4 Nc6 10. 0-0 Nh5 11. Re1 Qc7 12. Qc2 g5 13. Bg3 Nxg3 14. hxg3 b6 15. Nf1 Bb7 16. Rad1 Rad8 17. Qe2 Rxd1 18. Rxd1 Rd8 19. Re1 e6 20. N1h2 Qe7 21. Bb3 h5 22. g4 h4 23. Qe3 f6 24. Qe2 Kh8 25. Nf1 e5 26. Ne3 Na5 27. Bd5 Bxd5 28. Nxd5 Qd7 29. Nh2 c4 30. Nf1 b5 31. Nfe3 Nb7 32. Qf3 Qe6 33. g3 hxg3 34. fxg3 Nc5 35. Re2 Kg8 36. Rh2 Rd7 37. Qh1 Qf7 38. Nf5 Qf8 39. Nh6+ Kh7 40. Nf5+ Kg6 41. Rh7 1-0

[Event "BCF-chT2 1718 (4NCL) Promotion pool"]
[Site "England"]
[Date "2018.05.06"]
[Round "10.16"]
[White "Hamer, Martyn"]
[Black "Jaracz, Pawel"]
[Result "0-1"]
[WhiteElo "2102"]
[BlackElo "2463"]
[PlyCount "84"]
[EventDate "2017.11.11"]
[EventType "team-tourn"]
[EventRounds "11"]
[EventCountry "ENG"]
[SourceTitle "EXT 2020"]
[Source "ChessBase"]
[SourceDate "2019.10.17"]
[SourceVersion "1"]
[SourceVersionDate "2019.10.17"]
[SourceQuality "1"]
[WhiteTeam "Manchester Manticores"]
[BlackTeam "Manx Liberty"]
[WhiteTeamCountry "ENG"]
[BlackTeamCountry "ENG"]

1. d4 d5 2. c4 c6 3. Nf3 Nf6 4. Nc3 dxc4 5. e4 b5 6. e5 Nd5 7. a4 h6 8. axb5 Nxc3 9. bxc3 cxb5 10. Ba3 Qd5 11. Be2 Bb7 12. 0-0 Nc6 13. Ne1 e6 14. Bxf8 Kxf8 15. f4 Ne7 16. Bf3 Qd7 17. Nc2 g6 18. Ne3 h5 19. f5 Nxf5 20. Nxf5 gxf5 21. Bxh5 a5 22. Bf3 Rh6 23. Qd2 Rg6 24. Bxb7 Qxb7 25. Rf4 Kg7 26. g3 Qd5 27. Ra3 a4 28. Rf1 Rg4 29. Rf4 Rg6 30. Rf1 Rd8 31. Qg2 Qd7 32. Ra2 b4 33. cxb4 Qxd4+ 34. Qf2 Qxe5 35. Rxa4 Rd3 36. Ra5 Qc3 37. Rb5 Rg4 38. Qe1 Qd4+ 39. Kh1 c3 40. Rc5 Re4 41. Qc1 Ree3 42. Kg2 Re2+ 0-1

[Event "Gibraltar Masters 16th"]
[Site "Caleta"]
[Date "2018.01.31"]
[Round "9"]
[White "Lochte, Thomas"]
[Black "Hamer, Martyn"]
[Result "1/2-1/2"]
[WhiteElo "2169"]
[BlackElo "2020"]
[PlyCount "134"]
[EventDate "2018.01.23"]
[EventType "swiss"]
[EventRounds "10"]
[EventCountry "GGB"]
[SourceTitle "CBM 183"]
[Source "ChessBase"]
[SourceDate "2018.03.14"]
[SourceVersion "1"]
[SourceVersionDate "2018.03.14"]
[SourceQuality "1"]

1. e4 e5 2. Nf3 Nc6 3. Bb5 a6 4. Ba4 d6 5. d4 Bd7 6. 0-0 Nge7 7. c3 g6 8. Be3 Bg7 9. d5 Nb8 10. Bb3 a5 11. Nfd2 0-0 12. f4 exf4 13. Bxf4 h6 14. Nf3 Bg4 15. Nbd2 Nd7 16. h3 Bxf3 17. Nxf3 Ne5 18. Nxe5 dxe5 19. Be3 Nc8 20. c4 Nd6 21. Qd3 b6 22. c5 bxc5 23. Bxc5 Qd7 24. Rac1 f5 25. Bxd6 cxd6 26. Rc6 fxe4 27. Rxf8+ Rxf8 28. Qxe4 Rf5 29. Qg4 Qa7+ 30. Kh2 Rf6 31. Rc3 e4 32. Qxe4 Rf5 33. Qe6+ Kh7 34. Rg3 Rf6 35. Qe4 Rf5 36. Qe8 Qf7 37. Qxf7 Rxf7 38. Bc2 Rf2 39. Bxg6+ Kg8 40. Rb3 Be5+ 41. Kg1 Rxb2 42. Rxb2 Bxb2 43. Kf2 a4 44. Kf3 a3 45. Ke4 Bc3 46. Kd3 Bb4 47. g4 Kg7 48. Kc4 Bc5 49. Be8 Kg8 50. h4 Kg7 51. Kd3 Bg1 52. Kc4 Bc5 53. g5 hxg5 54. hxg5 Kg8 55. Kb5 Kg7 56. Kc6 Kg8 57. Kd7 Kg7 58. Ke6 Bb4 59. Bh5 Bc5 60. Kd7 Bb4 61. Kc6 Bc5 62. Kb5 Kg8 63. g6 Kg7 64. Kc6 Kg8 65. Kd7 Kg7 66. Ke6 Bb4 67. Kf5 Bc5 1/2-1/2

[Event "Gibraltar Challengers-A"]
[Site "Caleta"]
[Date "2018.01.26"]
[Round "5"]
[White "Hamer, Martyn"]
[Black "Smith, Andrew Philip"]
[Result "1/2-1/2"]
[WhiteElo "2020"]
[BlackElo "2111"]
[PlyCount "44"]
[EventDate "2018.01.22"]
[EventType "swiss"]
[EventRounds "5"]
[EventCountry "GGB"]
[SourceTitle "EXT 2019"]
[Source "ChessBase"]
[SourceDate "2018.10.10"]
[SourceVersion "1"]
[SourceVersionDate "2018.10.10"]
[SourceQuality "1"]

1. Nf3 c5 2. c4 Nf6 3. Nc3 d5 4. cxd5 Nxd5 5. g3 Nc6 6. Bg2 Nc7 7. 0-0 e5 8. d3 Be7 9. Be3 0-0 10. Rc1 Be6 11. Nd2 Qd7 12. a4 Rac8 13. Nc4 f6 14. Re1 b6 15. Qb3 Na5 16. Qa2 Na6 17. b3 Nb4 18. Qb2 Nbc6 19. Nb5 Rfd8 20. Bd2 Nxc4 21. bxc4 Nb4 22. Be3 a5 1/2-1/2

[Event "Gibraltar Masters 16th"]
[Site "Caleta"]
[Date "2018.01.24"]
[Round "8"]
[White "Hamer, Martyn"]
[Black "Lochte, Szilvia"]
[Result "1-0"]
[WhiteElo "2020"]
[BlackElo "1862"]
[PlyCount "85"]
[EventDate "2018.01.23"]
[EventType "swiss"]
[EventRounds "10"]
[EventCountry "GGB"]
[SourceTitle "CBM 183"]
[Source "ChessBase"]
[SourceDate "2018.03.14"]
[SourceVersion "1"]
[SourceVersionDate "2018.03.14"]
[SourceQuality "1"]

1. d4 d5 2. c4 c6 3. Nc3 Nf6 4. Nf3 a6 5. c5 Bf5 6. Bf4 Nbd7 7. Qb3 Ra7 8. h3 h6 9. e3 e6 10. Be2 Be7 11. 0-0 0-0 12. Qd1 b5 13. cxb6 Nxb6 14. Ne5 Qc8 15. Rc1 Nfd7 16. Na4 Nxe5 17. Bxe5 Nd7 18. Bg3 Qb7 19. a3 a5 20. Rc3 Rc8 21. Qd2 Raa8 22. Rfc1 f6 23. Qd1 e5 24. Bg4 Bxg4 25. Qxg4 Kh8 26. Qe6 Nf8 27. Qf7 Rc7 28. dxe5 Bb4 29. Qh5 Bxc3 30. Rxc3 fxe5 31. Bxe5 Rf7 32. Nc5 Qe7 33. Qxh6+ Kg8 34. Qxc6 Rd8 35. f4 Kh7 36. Rb3 Qh4 37. Rb7 Rxb7 38. Qxb7 Qg3 39. Qe7 Rc8 40. f5 Qxe3+ 41. Kh2 Ne6 42. Qxe6 Rxc5 43. Qg6+ 1-0